| 000 | 00780nam a22002417a 4500 | ||
|---|---|---|---|
| 003 | OSt | ||
| 005 | 20260530113922.0 | ||
| 008 | 260520b1728 ag a|||| |||| 00| 0 spa d | ||
| 040 |
_aMX-MxINE _bspa _cMX-MxINE _erda |
||
| 041 | _aspa | ||
| 050 |
_aNA1088.S24 _bH36 |
||
| 245 |
_aHans Scharoun / _ctraductor Enrique Molina ; Alberto Sato |
||
| 264 |
_aBuenos Aires : _bEdiciones Nueva Visión SAIC ; _c1728 |
||
| 336 |
_2rdacontent _atexto |
||
| 337 |
_2rdamedia _asin medio |
||
| 338 |
_2rdacarrier _avolumen |
||
| 490 | _avolumen | ||
| 600 | 4 |
_aScharoun, Hans, _d1893-1972 _vExposiciones _934749 |
|
| 600 | 4 |
_aArquitectura moderna _ySiglo XX _zAlemania _934750 |
|
| 700 | 1 |
_aMolina, Enrique, _etraductor _934751 |
|
| 700 | 1 |
_aSato, Alberto, _etraductor _934752 |
|
| 942 |
_2lcc _cBK _n1 |
||
| 999 |
_c12490 _d12490 |
||